• 首页
  • 本馆介绍
  • 公告通知
  • 最新文献
  • 馆藏检索
  • 电子资源
  • 读者导购
  • 参考咨询
  • 我的图书馆
  • 登录
  • 详细信息显示
  • 放入我的书架
  • 预约/预借图书
  • 作者相关作品
  • 分类相关作品
  • 丛书相关作品
  • 出版社相关作品

书目信息

  • 表格格式
  • 工作单格式
  • 卡片格式
题名:
中国名楼
    
 
作者: 罗哲文 著
分册:  
出版信息: 天津   百花文艺出版社  2007
页数: 175页
开本: 23cm
丛书名: 中华古建筑丛书
单 册:
中图分类: K928.74
科图分类:
主题词: 楼阁--名胜古迹--简介--中国 , 楼阁 , 名胜古迹
电子资源:
ISBN: 978-7-5306-4619-9
000 01044oam2 2200301 450
001 003376759
005 20070807160418.50
010    @a978-7-5306-4619-9@dCNY27.00
035    @a003376759
100    @a20070228d2007 em y0chiy0110 ea
101 0  @achi
102    @aCN@b120000
105    @aa z 000yy
106    @ar
200 1  @a中国名楼@Azhong guo ming lou@f罗哲文[等]著@Fluo zhe wen [ deng ] zhu
210    @a天津@c百花文艺出版社@d2007
215    @a175页@c照片@d23cm
225 2  @a中华古建筑丛书@Azhong hua gu jian zhu cong shu
304    @a著者还有:刘文渊、刘春英、窦忠如
330    @a本书分门别类地介绍了中国楼阁的历史渊源、建筑特色和造型风貌,同时穿插大量照片,让读者全方位、多侧面地对中国的楼阁有一个深入浅出的了解,从中获取丰富的历史、地理、建筑艺术知识。
461  0 @1001003407236@12001 @a中华古建筑丛书
606 0  @a楼阁@x名胜古迹@x简介@y中国
606 0  @a楼阁
606 0  @a名胜古迹
690    @aK928.74@v4
701  0 @a罗哲文@Aluo zhe wen@f(1924~)@4著
801  0 @aCN@bNLC@c20070807
905    @dK928.74@e483@f1
    
    中国名楼/罗哲文[等]著.-天津:百花文艺出版社,2007
    175页:照片;23cm.-(中华古建筑丛书)
    
    
    ISBN 978-7-5306-4619-9:CNY27.00
    本书分门别类地介绍了中国楼阁的历史渊源、建筑特色和造型风貌,同时穿插大量照片,让读者全方位、多侧面地对中国的楼阁有一个深入浅出的了解,从中获取丰富的历史、地理、建筑艺术知识。
●
相关链接 在E读中查询图书 在五车中查询图书 在当当中查询图书 在豆瓣中查询图书


正题名:中国名楼     索取号:K928.74/483         预约/预借

序号 登录号 条形码 馆藏地/架位号 状态 备注
1 0854144   208541443   第二样本阅览室/ [索取号:K928.74/483] 在馆    
唐山师范学院图书馆 欢迎您!
大连网信软件有限公司© 版权所有